| 000 | 01161nam a2200241 a 4500 | ||
|---|---|---|---|
| 003 | AM-YeHGA | ||
| 005 | 20250617155552.0 | ||
| 008 | 180227s1926 ru |||||r|||||001|0|rus|| | ||
| 040 | _aAM-YeHGA | ||
| 041 | 0 | _arus | |
| 245 | 0 | 0 |
_aДекабристы на поселении : _bИз архива Якушкиных / _cПодготовил к печати и снабдил прим. Е. Якушкин. |
| 260 |
_aМосква : _bМ. и С. Сабашниковы, _c1926. |
||
| 300 |
_a156 с. ; _c23 см. |
||
| 490 | 1 | _aЗаписи прошлого : Воспоминания и письма / Под ред. С.В. Бахрушина и М.А. Цявловского | |
| 500 | _aСер. указана на шмуцтит. | ||
| 504 | _aАлф. указ.: с.146-155 | ||
| 650 | 1 | 4 |
_aИстория _zРоссия |
| 653 | 0 | _aДекабристы - История | |
| 700 | 1 | _aЯкушкин, Евгений Евгеньевич | |
| 830 | 0 | _aЗаписи прошлого : Воспоминания и письма / Под ред. С.В. Бахрушина и М.А. Цявловского | |
| 942 |
_2udc _cBK |
||
| 090 | _c437554 | ||
| 999 |
_c434926 _d434926 |
||